[Event "Cebanenco Memorial 2019"]
[Site "Chisinau"]
[Date "2019.05.07"]
[Round "1.1"]
[White "Smirin, Ilia"]
[Black "Fedorov, Alexei"]
[Result "1/2-1/2"]
[WhiteElo "2605"]
[BlackElo "2566"]
[Annotator "TA"]
[PlyCount "61"]
[EventDate "2019.05.07"]
[EventCountry "MDA"]
[SourceTitle "playchess.com"]
[Source "ChessBase"]
[SourceQuality "1"]

{[%evp 11,61,33,19,34,44,15,36,1,2,0,4,9,21,20,18,20,24,0,0,-11,-4,-19,0,-13,0,-19,-26,-25,18,0,7,0,0,0,0,0,0,0,0,0,0,0,0,0,0,0,0,0,0,0,0,0]} 1. e4 c5 2. Nf3 Nc6 3. Bb5 e6 4. O-O Nge7 5. d4 cxd4 6. Nxd4 Qb6 7. Nxc6 {B30: Sicilian: 2...Nc6 3 Bb5, lines without ...g6} bxc6 8. Bd3 Ng6 9. Kh1 {White is slightly better.} (9. c4 Bc5 10. Nc3 Qc7 11. Kh1 e5 12. Na4 Bd4 13. c5 d6 14. Be3 dxc5 15. Nxc5 Bxb2 {0-1 (56) Adams,M (2712)-Adhiban,B (2668) Douglas 2018}) 9... d5 $146 ({Predecessor:} 9... e5 10. Nd2 Qc7 11. Nc4 Be7 12. Ne3 O-O 13. Nf5 Bf6 14. c4 d6 {0-1 (32) Radlovacki,J (2381)-Vuckovic,B (2558) Kraljevo 2015}) 10. f4 dxe4 11. Bxe4 Be7 12. Be3 Qc7 13. Nd2 O-O 14. Nc4 Ba6 15. Bd3 Rfd8 {[#] Threatens to win with ...Bxc4.} 16. Qe2 Rd5 17. b3 Rad8 18. Qf2 Bh4 19. Qf3 c5 20. Be4 {[#] f5 is the strong threat.The position is equal.} f5 21. Bxd5 exd5 22. Ne5 Bxf1 23. Rxf1 d4 24. Bd2 Nxe5 25. fxe5 Qxe5 26. g3 {aiming for Re1.} Bf6 27. Qxf5 Qxf5 28. Rxf5 Rc8 29. g4 Kf7 30. c4 dxc3 31. Bxc3 {Accuracy: White = 46%, Black = 67%.} 1/2-1/2

[Event "Cebanenco Memorial 2019"]
[Site "Chisinau"]
[Date "2019.05.07"]
[Round "1.2"]
[White "Miron, Lucian-Costin"]
[Black "Jobava, Baadur"]
[Result "1-0"]
[WhiteElo "2472"]
[BlackElo "2618"]
[Annotator "TA"]
[PlyCount "77"]
[EventDate "2019.05.07"]
[EventCountry "MDA"]
[SourceTitle "playchess.com"]
[Source "ChessBase"]
[SourceQuality "1"]

{[%evp 9,77,-4,0,0,12,17,35,3,10,22,20,17,12,4,13,25,12,18,35,35,51,51,60,35,93,86,121,70,68,17,13,0,10,0,0,0,57,70,61,60,68,54,70,58,87,56,208,207,205,189,237,212,461,469,502,482,460,396,658,641,904,677,654,619,770,760,1398,1371,29993,29994]} 1. d4 d5 2. c4 e6 3. Nc3 c6 4. Nf3 dxc4 5. g3 Nd7 6. Bg2 {D31: Queen's Gambit Declined: Semi-Slav without ...Nf6 (+ Marshall Gambit and Noteboom) and Exchange Variation lines without ...Nf6} Bb4 7. O-O Ne7 8. Ne4 {[%mdl 1024] White is slightly better. White has compensation.} O-O 9. a3 {[%cal Ba2a3,Ba3a4][%mdl 32]} Ba5 $1 10. Qc2 b5 11. Rd1 Bc7 12. a4 $146 {And now axb5 would win.} ({Predecessor:} 12. Neg5) 12... Nd5 13. b3 a5 14. bxc4 Nb4 15. Qc3 bxc4 16. Bb2 $1 {d5 is the strong threat.} Nf6 (16... f6 $14) 17. Nc5 $16 Rb8 {[#]} 18. Qxc4 (18. Ne5 $1 $16) 18... Nd7 $14 19. e4 (19. Nxd7 $14 Qxd7 20. Ne5) 19... Nxc5 $11 20. dxc5 Qe7 21. Be5 Bxe5 22. Nxe5 f6 ({Black should try} 22... Ba6 $11 23. Qc3 Rfd8) 23. Nf3 $36 {[%mdl 2048] Black is under pressure.} Ba6 24. Qc3 Rbd8 25. Nd4 Rd7 26. Rd2 Rfd8 27. Rad1 {aiming for Bh3.} e5 $2 (27... g6 $1 $14) 28. Nf5 $18 Qe6 29. Nd6 Rb8 30. h4 g6 $2 (30... Kh8 31. Kh2 Qg8) 31. Kh2 Rdd8 32. Bh3 Qe7 {[#]} 33. h5 $1 {[%mdl 512]} Kf8 $2 (33... Rf8 34. Rh1 Kh8 35. hxg6 hxg6) (33... gxh5 34. Qf3) 34. Kg2 Qg7 35. Bg4 Qg8 36. hxg6 hxg6 37. Qe3 Ke7 38. Qh6 Rf8 {[#]} 39. Nf5+ $1 {[%mdl 512] Accuracy: White = 75%, Black = 32%.} 1-0

[Event "Cebanenco Memorial 2019"]
[Site "Chisinau"]
[Date "2019.05.08"]
[Round "2.1"]
[White "Smirin, Ilia"]
[Black "Macovei, Andrei"]
[Result "1/2-1/2"]
[WhiteElo "2605"]
[BlackElo "2432"]
[Annotator "TA"]
[PlyCount "69"]
[EventDate "2019.05.07"]
[EventCountry "MDA"]
[SourceTitle "playchess.com"]
[Source "ChessBase"]
[SourceQuality "1"]

{[%evp 9,69,-2,-2,-2,0,-2,0,-4,0,0,0,-4,10,-8,10,-69,-69,-72,-79,-74,-79,-63,-75,-68,-68,-60,-80,-77,-84,-78,-74,-83,-75,-93,-92,-97,-97,-113,-97,-93,-60,-62,-63,-66,-64,-66,-62,-62,-59,-66,-36,-64,0,0,0,0,0,0,0,0,0,0]} 1. c4 Nf6 2. Nc3 e5 3. g3 Bb4 4. e4 Bxc3 5. dxc3 d6 6. f3 {A22: English Opening: 1...e5 2 Nc3 Nf6} Nc6 $146 ({Predecessor:} 6... a5 7. Nh3 a4 8. Nf2 Be6 9. Bd3 Nbd7 10. Qe2 c6 11. f4 Nb6 {½-½ (63) Carlsen,M (2845)-Anand,V (2774) Karlsruhe/Baden Baden 2019}) 7. Nh3 a5 8. Nf2 Nd7 9. Ng4 Nc5 10. Ne3 Ne7 11. Bg2 Be6 12. f4 (12. b3 $11) 12... exf4 $1 $15 13. gxf4 {[#]} f5 $1 14. exf5 Nxf5 {Hoping for ...Qh4+.} 15. Nxf5 Bxf5 16. O-O O-O 17. Be3 c6 18. Bd4 Qh4 19. Qe1 Qxe1 20. Raxe1 Nd3 21. Re7 Rf7 22. Rxf7 Kxf7 23. b3 Re8 24. Bf3 Ne1 {And now ...Bd3 would win.} 25. Kf2 Nxf3 26. Kxf3 {[%mdl 4096] Endgame KRB-KRB} c5 27. Be3 Be4+ 28. Ke2 Re6 29. f5 Re5 30. Kd2 Bxf5 (30... Rxf5 $15 31. Rxf5+ Bxf5) 31. Bd4 $1 $11 {[%cal Rd4e5] The position is equal.} cxd4 32. cxd4 Re4 33. Rxf5+ {[%mdl 64] [#] Double Attack} Ke6 $1 {[%cal Re6f5]} 34. Rh5 Rxd4+ 35. Kc3 {Accuracy: White = 72%, Black = 57%.} 1/2-1/2

[Event "Cebanenco Memorial 2019"]
[Site "Chisinau"]
[Date "2019.05.08"]
[Round "2.2"]
[White "Jobava, Baadur"]
[Black "Hamitevici, Vladimir"]
[Result "1/2-1/2"]
[WhiteElo "2618"]
[BlackElo "2476"]
[Annotator "TA"]
[PlyCount "100"]
[EventDate "2019.05.07"]
[EventCountry "MDA"]
[SourceTitle "playchess.com"]
[Source "ChessBase"]
[SourceQuality "1"]

{[%evp 13,100,0,-8,0,0,0,0,0,-4,-17,0,-38,0,-49,-50,-47,-34,-43,-41,-47,-7,-45,-36,-47,-45,-51,-47,-37,-26,-68,-63,-81,-69,-73,-59,-104,-90,-96,-64,-91,-74,-92,-79,-250,-237,-300,-292,-299,-295,-249,-238,-208,-99,-70,67,-390,-142,-160,-175,-175,-158,-153,-54,-80,0,-100,0,0,0,0,0,0,22,22,27,27,36,36,37,37,70,75,102,20,24,26,38,16,102]} 1. d4 Nf6 2. c4 e6 3. Nc3 Bb4 4. e3 O-O 5. Bd3 d5 6. cxd5 exd5 7. Nge2 Re8 8. Bd2 {E48: Nimzo-Indian: Rubinstein: 5 Bd3 d5 including 6 Ne2, but excluding 6 a3} Bd6 9. Rc1 a6 10. O-O Nbd7 11. f3 c5 12. Kh1 Bb8 $146 ({Predecessor:} 12... b5 13. dxc5 Bxc5 14. e4 Bb7 15. exd5 Nxd5 16. Nxd5 Bxd5 17. Nf4 Bb7 18. a4 bxa4 19. Bf5 Bd6 20. Qxa4 {½-½ (20) Sokolov,I (2628)-Van Wely,L (2674) Netherlands 2017}) 13. Be1 c4 14. Bf5 Nf8 15. Bxc8 Qxc8 16. Qd2 h6 17. Bg3 b5 18. a3 Qd7 19. Bxb8 Raxb8 20. Ng3 a5 {[%cal Ba6a5,Ba5b4][%mdl 32]} 21. Rfe1 b4 22. axb4 axb4 23. Nce2 Ng6 24. Ra1 h5 25. Nf1 Rec8 26. Qc2 Ra8 27. Qd2 Ra4 28. b3 $2 (28. Qc2 $17 {was called for.} Rca8 29. Rxa4 Qxa4 30. Qxa4 Rxa4 31. Rb1) 28... cxb3 $19 29. Rab1 Rc2 30. Qd3 Raa2 31. Rxb3 Qa4 {Hoping for ...Ne4!} 32. Rbb1 Ne7 (32... Ra3 $19 33. Qd1 b3) 33. Nc1 $17 Rxg2 (33... Ra3 $15 34. Qd1 Nc6) 34. Ne2 $2 {[%mdl 8192]} (34. Nxa2 $14 {was forced to keep a grip.} Rxa2 35. Qb3) 34... Rg5 $2 (34... Rf2 $19 {and Black stays clearly on top.} 35. Nd2 Ra3) 35. h4 Rf5 36. Nh2 g6 37. Qb3 Qa6 (37... Qxb3 $17 38. Rxb3 Ne4 $1 {[%mdl 512]}) 38. Qxb4 $15 {[#]} Rxe2 (38... Qe6 $1 $17 {Threatens to win with ...Ne4!} 39. Qb3 Ra8) 39. Qxe7 {[#]} (39. Rxe2 $11 Qxe2 40. Qxe7) 39... Rxh2+ (39... Rxe1+ $1 $17 40. Rxe1 Qc8) 40. Kxh2 $11 Qa2+ 41. Kh1 {Intending Rb8+ and mate.} Kg7 42. Rf1 $1 {Black must now prevent Kg1.} Rxf3 43. Rxf3 Qxb1+ {[%mdl 4096] Endgame KQR-KQN} 44. Kg2 Qb6 45. Rf2 $36 {[%mdl 2048] White is pushing.} Qe6 46. Qxe6 fxe6 47. Kf3 Ne4 48. Rh2 (48. Ra2 $16) 48... Kf6 49. Kf4 Nd6 $1 50. Rh1 Ne4 {Accuracy: White = 35%, Black = 43%.} (50... Nf5 $11) 1/2-1/2

[Event "Cebanenco Memorial 2019"]
[Site "Chisinau"]
[Date "2019.05.09"]
[Round "3.1"]
[White "Macovei, Andrei"]
[Black "Fedorov, Alexei"]
[Result "0-1"]
[WhiteElo "2432"]
[BlackElo "2566"]
[Annotator "ChessBase"]
[PlyCount "82"]
[EventDate "2019.05.07"]
[EventCountry "MDA"]
[SourceTitle "playchess.com"]
[Source "ChessBase"]
[SourceQuality "1"]
[TimeControl "5400+30"]

1. e4 {[%emt 0:00:00]} c5 {[%emt 0:00:00]} 2. Nf3 {[%emt 0:00:06]} e6 {[%emt 0:00:00]} 3. d4 {[%emt 0:00:10]} cxd4 {[%emt 0:00:00]} 4. Nxd4 {[%emt 0:00:04]} a6 {[%emt 0:00:03]} 5. Bd3 {[%emt 0:03:19]} Ne7 {[%emt 0:01:12]} 6. O-O {[%emt 0:00:59]} Nbc6 {[%emt 0:00:53]} 7. Nb3 {[%emt 0:00:16]} g6 {[%emt 0:07:03]} 8. c4 {[%emt 0:00:12]} Bg7 {[%emt 0:00:06]} 9. Nc3 {[%emt 0:00:05]} O-O {[%emt 0:01:27]} 10. Be2 {[%emt 0:00:03]} f5 {[%emt 0:07:31]} 11. Bg5 {[%emt 0:00:27]} h6 {[%emt 0:04:05]} 12. Be3 {[%emt 0:00:36]} fxe4 {[%emt 0:02:44]} 13. c5 {[%emt 0:10:05]} b6 {[%emt 0:17:26]} 14. Nxe4 {[%emt 0:03:07]} Nd5 {[%emt 0:06:00]} 15. Qd2 {[%emt 0:23:45]} Qh4 {[%emt 0:03:22]} 16. Nd6 {[%emt 0:14:05]} bxc5 {[%emt 0:26:08]} 17. Bxc5 {[%emt 0:17:38]} a5 {[%emt 0:10:04]} 18. Nxc8 {[%emt 0:00:30]} Rfxc8 {[%emt 0:00:30]} 19. Bf3 {[%emt 0:00:30]} Qg5 {[%emt 0:00:30]} 20. Qxg5 {[%emt 0:00:30]} hxg5 {[%emt 0:00:30]} 21. Bxd5 {[%emt 0:00:30]} exd5 {[%emt 0:00:30]} 22. Rad1 {[%emt 0:00:30]} a4 {[%emt 0:00:30]} 23. Nc1 {[%emt 0:00:34]} Bxb2 {[%emt 0:03:49]} 24. Be3 {[%emt 0:08:29]} d4 {[%emt 0:01:52]} 25. Bxg5 {[%emt 0:01:05]} Nb4 {[%emt 0:01:16]} 26. Nd3 {[%emt 0:06:10]} Nxd3 {[%emt 0:00:06]} 27. Rxd3 {[%emt 0:00:00]} Rc2 {[%emt 0:00:39]} 28. h4 {[%emt 0:04:48]} a3 {[%emt 0:01:09]} 29. Rd2 {[%emt 0:00:54]} Rac8 {[%emt 0:00:52]} 30. Rfd1 {[%emt 0:01:44]} Kf7 {[%emt 0:00:37]} 31. Kh2 {[%emt 0:01:06]} Ke6 {[%emt 0:00:30]} 32. g4 {[%emt 0:00:45]} Rxd2 {[%emt 0:02:13]} 33. Rxd2 {[%emt 0:00:05]} Kd5 {[%emt 0:00:45]} 34. Kg3 {[%emt 0:00:48]} Bc1 {[%emt 0:00:42]} 35. Re2 {[%emt 0:02:27]} d3 {[%emt 0:00:36]} 36. Re7 {[%emt 0:00:57]} d6 {[%emt 0:00:36]} 37. Re1 {[%emt 0:00:32]} Bxg5 {[%emt 0:00:34]} 38. hxg5 {[%emt 0:00:01]} Kd4 {[%emt 0:00:23]} 39. f4 {[%emt 0:00:38]} d2 {[%emt 0:00:13]} 40. Rd1 {[%emt 0:00:00]} Ke3 {[%emt 0:00:00]} 41. f5 {[%emt 0:00:00]} Rc1 {[%emt 0:00:00]} 0-1

[Event "Cebanenco Memorial 2019"]
[Site "Chisinau"]
[Date "2019.05.09"]
[Round "3.2"]
[White "Morozov, Nichita"]
[Black "Smirin, Ilia"]
[Result "*"]
[WhiteElo "2371"]
[BlackElo "2605"]
[Annotator "RC"]
[PlyCount "21"]
[EventDate "2019.05.07"]
[EventCountry "MDA"]
[SourceTitle "playchess.com"]
[Source "ChessBase"]
[SourceQuality "1"]
[TimeControl "5400+30"]

1. d4 {[%emt 0:00:28]} Nf6 {[%emt 0:05:38]} 2. c4 {[%emt 0:00:43]} g6 {[%emt 0:00:31]} 3. Nc3 {[%emt 0:00:30]} Bg7 {[%emt 0:00:30]} 4. e4 {[%emt 0:00:30]} d6 {[%emt 0:00:30]} 5. Be2 {[%emt 0:00:30]} O-O {[%emt 0:00:39]} 6. h4 {[%emt 0:00:04]} Nc6 {[%emt 0:04:33]} 7. d5 {[%emt 0:36:50]} Ne5 {[%emt 0:00:30]} 8. h5 {[%emt 0:00:30]} c6 {[%emt 0:00:30]} 9. Nf3 {[%emt 0:00:30]} Neg4 {[%emt 0:00:30]} 10. Nd4 {[%emt 0:00:30]} Qb6 {[%emt 0:00:30]} 11. Na4 {[%emt 0:00:30]} *

[Event "Cebanenco Memorial 2019"]
[Site "Chisinau"]
[Date "2019.05.11"]
[Round "3.3"]
[White "Miron, Lucian-Costin"]
[Black "Schitco, Ivan"]
[Result "1-0"]
[WhiteElo "2472"]
[BlackElo "2437"]
[Annotator "TA"]
[PlyCount "49"]
[EventDate "2019.05.07"]
[EventCountry "MDA"]
[SourceTitle "playchess.com"]
[Source "ChessBase"]
[SourceQuality "1"]

{[%evp 32,49,18,18,20,19,19,19,23,15,22,6,13,5,6,16,10,3,87,-4]} 1. e4 e5 2. Nf3 Nc6 3. Bb5 a6 4. Ba4 Nf6 5. O-O Be7 6. Re1 b5 7. Bb3 d6 8. c3 O-O 9. h3 Nb8 10. d4 Nbd7 11. Nbd2 Bb7 12. Bc2 Re8 13. Nf1 Bf8 14. Ng3 g6 15. a4 c5 16. d5 c4 17. Bg5 Nc5 {C95: Closed Ruy Lopez: Breyer Variation with 10 d4} 18. Qd2 Be7 19. Ra3 Nfd7 {The position is equal.} 20. Be3 Qc7 21. Rf1 Nb6 {[%cal Rc5a4]} 22. axb5 axb5 23. Rxa8 Rxa8 24. Nh2 {[#]} Nd3 $146 (24... h5 $11 {keeps the balance.}) ({Predecessor:} 24... Nbd7 25. Ng4 {1-0 (45) Navara,D (2733)-Vajda,L (2547) Slovakia 2019}) 25. Ne2 {[%mdl 32768] Accuracy: White = 67%, Black = 68%. . Loss on time!?} (25. Ng4 $16) 1-0

[Event "Cebanenco Memorial 2019"]
[Site "Chisinau"]
[Date "2019.05.09"]
[Round "3.4"]
[White "Hamitevici, Vladimir"]
[Black "Lashkin, Jegor"]
[Result "0-1"]
[WhiteElo "2476"]
[BlackElo "2313"]
[Annotator "ChessBase"]
[PlyCount "27"]
[EventDate "2019.05.07"]
[EventCountry "MDA"]
[SourceTitle "playchess.com"]
[Source "ChessBase"]
[SourceQuality "1"]
[TimeControl "5400+30"]

1. e3 {[%emt 0:02:18]} d5 {[%emt 0:00:41]} 2. Nf3 {[%emt 0:00:28]} Nf6 {[%emt 0:01:50]} 3. c4 {[%emt 0:00:17]} e6 {[%emt 0:01:17]} 4. Nc3 {[%emt 0:00:40]} Be7 {[%emt 0:06:57]} 5. b3 {[%emt 0:00:25]} O-O {[%emt 0:01:13]} 6. Bb2 {[%emt 0:00:13]} c5 {[%emt 0:02:36]} 7. cxd5 {[%emt 0:02:57]} Nxd5 {[%emt 0:00:54]} 8. Qc2 {[%emt 0:01:42]} Nb4 {[%emt 0:20:55]} 9. Qb1 {[%emt 0:04:37]} Nd7 {[%emt 0:03:02]} 10. h4 {[%emt 0:07:49]} Nb6 {[%emt 0:25:50]} 11. g4 {[%emt 0:07:18]} f5 {[%emt 0:10:26]} 12. Be2 {[%emt 0:12:29]} Bf6 {[%emt 0:08:23]} 13. Ne5 {[%emt 0:24:03]} fxg4 {[%emt 0:02:09]} 14. Nd3 {[%emt 0:00:30]} 0-1

[Event "Cebanenco Memorial 2019"]
[Site "Chisinau"]
[Date "2019.05.09"]
[Round "3.5"]
[White "Svetushkin, Dmitry"]
[Black "Jobava, Baadur"]
[Result "0-1"]
[WhiteElo "2536"]
[BlackElo "2618"]
[Annotator "TA"]
[PlyCount "37"]
[EventDate "2019.05.07"]
[EventCountry "MDA"]
[SourceTitle "playchess.com"]
[Source "ChessBase"]
[SourceQuality "1"]

{[%evp 12,37,12,8,52,32,32,36,39,45,81,79,73,77,96,96,93,93,93,93,89,-30,-39,-74,-26,-90,-72,-604]} 1. e4 c6 2. d4 d5 3. e5 Bf5 4. Nf3 e6 5. Be2 c5 6. c3 Nc6 7. O-O Nh6 {B12: Caro-Kann: Advance Variation} (7... cxd4 8. Nxd4 Nge7 9. Qb3 Qd7 10. f4 Bg6 11. Be3 Nf5 12. Nxf5 Bxf5 13. Nd2 h5 14. Nf3 Be7 15. Rad1 {½-½ (38) Fressinet,L (2662)-Kasimdzhanov,R (2683) Riadh 2017}) 8. a3 Bg4 $146 ({Predecessor:} 8... Bg6 9. b4 cxd4 10. cxd4 Nf5 11. Bb2 Be7 12. Nbd2 O-O 13. Nb3 Rc8 14. Qd2 Bh5 15. h3 {0-1 (34) Radic,B (2165)-Dizdarevic,E (2485) Zenica 2011}) 9. Nbd2 Nf5 {[%cal Rc5d4] White is slightly better.} 10. b4 c4 11. h3 h5 12. Re1 a5 {[%cal Ra5b4]} 13. b5 ({Much worse is} 13. hxg4 $6 hxg4 14. Bb2 gxf3 $11) 13... Bxf3 14. Bxf3 Na7 15. Rb1 Qd7 16. b6 ({But not} 16. Bxh5 $6 a4 $11) (16. a4 $16) 16... Nb5 $11 {[%mdl 64] [#] Double Attack} 17. Qc2 a4 18. Nxc4 (18. Ra1 $11 {remains equal.}) 18... Rc8 19. Kh1 $2 {[%mdl 8192] Accuracy: White = 49%, Black = 50%.} (19. Qb2 $17 Nxc3 20. Qxc3 Rxc4 {[%mdl 64] Double Attack} 21. Qa5 Nxd4 22. Bd1) 0-1

[Event "Cebanenco Memorial 2019"]
[Site "Chisinau"]
[Date "2019.05.10"]
[Round "4.2"]
[White "Lashkin, Jegor"]
[Black "Svetushkin, Dmitry"]
[Result "0-1"]
[WhiteElo "2313"]
[BlackElo "2536"]
[Annotator "ChessBase"]
[PlyCount "110"]
[EventDate "2019.05.07"]
[EventCountry "MDA"]
[SourceTitle "playchess.com"]
[Source "ChessBase"]
[SourceQuality "1"]
[TimeControl "5400+30"]

1. Nf3 {[%emt 0:00:00]} d5 {[%emt 0:00:00]} 2. d4 {[%emt 0:00:22]} Nf6 {[%emt 0:00:00]} 3. c4 {[%emt 0:00:10]} c6 {[%emt 0:00:00]} 4. Nc3 {[%emt 0:00:18]} a6 {[%emt 0:00:05]} 5. e3 {[%emt 0:00:49]} b5 {[%emt 0:03:32]} 6. b3 {[%emt 0:00:39]} Bf5 {[%emt 0:01:40]} 7. Ne5 {[%emt 0:10:01]} h6 {[%emt 0:04:14]} 8. Bd3 {[%emt 0:08:13]} Bxd3 {[%emt 0:00:44]} 9. Nxd3 {[%emt 0:00:33]} e6 {[%emt 0:00:25]} 10. O-O {[%emt 0:00:28]} Nbd7 {[%emt 0:01:34]} 11. Qe2 {[%emt 0:12:53]} Be7 {[%emt 0:21:46]} 12. c5 {[%emt 0:12:00]} a5 {[%emt 0:06:21]} 13. a3 {[%emt 0:08:04]} Ne4 {[%emt 0:01:29]} 14. Nd1 {[%emt 0:06:54]} e5 {[%emt 0:01:38]} 15. f3 {[%emt 0:11:27]} Ng5 {[%emt 0:00:47]} 16. f4 {[%emt 0:04:36]} exf4 {[%emt 0:00:50]} 17. exf4 {[%emt 0:00:10]} Ne4 {[%emt 0:01:38]} 18. N1f2 {[%emt 0:01:30]} Ndf6 {[%emt 0:03:59]} 19. Ne5 {[%emt 0:01:41]} Qc7 {[%emt 0:01:30]} 20. Nfd3 {[%emt 0:02:21]} g6 {[%emt 0:03:55]} 21. Be3 {[%emt 0:04:19]} h5 {[%emt 0:01:10]} 22. Ne1 {[%emt 0:03:35]} Qc8 {[%emt 0:04:41]} 23. N1f3 {[%emt 0:00:32]} Ng4 {[%emt 0:00:20]} 24. Qe1 {[%emt 0:00:50]} Rg8 {[%emt 0:07:06]} 25. Nd2 {[%emt 0:02:05]} Qe6 {[%emt 0:02:12]} 26. Nxe4 {[%emt 0:03:35]} dxe4 {[%emt 0:00:32]} 27. a4 {[%emt 0:01:43]} b4 {[%emt 0:11:39]} 28. Nc4 {[%emt 0:00:28]} h4 {[%emt 0:05:25]} 29. Rd1 {[%emt 0:00:56]} h3 {[%emt 0:00:23]} 30. g3 {[%emt 0:01:09]} f5 {[%emt 0:00:47]} 31. Qe2 {[%emt 0:01:53]} Bf6 {[%emt 0:01:05]} 32. d5 {[%emt 0:00:35]} cxd5 {[%emt 0:00:49]} 33. Nd6+ {[%emt 0:00:59]} Kf8 {[%emt 0:03:03]} 34. Bd4 {[%emt 0:00:01]} Kg7 {[%emt 0:02:19]} 35. Rfe1 {[%emt 0:00:24]} Rgd8 {[%emt 0:02:33]} 36. Qb5 {[%emt 0:01:06]} Qd7 {[%emt 0:02:18]} 37. Bxf6+ {[%emt 0:00:20]} Nxf6 {[%emt 0:00:06]} 38. Rd4 {[%emt 0:00:41]} Qc7 {[%emt 0:01:56]} 39. Nb7 {[%emt 0:00:31]} Rdc8 {[%emt 0:00:50]} 40. Rc1 {[%emt 0:00:00]} Qc6 {[%emt 0:00:00]} 41. Nd6 {[%emt 0:00:00]} Rc7 {[%emt 0:00:00]} 42. Qf1 {[%emt 0:00:00]} e3 {[%emt 0:00:00]} 43. Qe2 {[%emt 0:00:00]} Re7 {[%emt 0:00:00]} 44. Kf1 {[%emt 0:00:00]} Re6 {[%emt 0:00:00]} 45. Rc2 {[%emt 0:00:00]} Ra7 {[%emt 0:00:00]} 46. Kg1 {[%emt 0:00:00]} Rae7 {[%emt 0:00:00]} 47. Kf1 {[%emt 0:00:00]} Nd7 {[%emt 0:00:00]} 48. Nb5 {[%emt 0:03:30]} Nxc5 {[%emt 0:00:00]} 49. Kg1 {[%emt 0:00:44]} Qb6 {[%emt 0:00:00]} 50. Rxd5 {[%emt 0:00:18]} Nxb3 {[%emt 0:00:00]} 51. Rc8 {[%emt 0:01:10]} Rc6 {[%emt 0:03:49]} 52. Rcd8 {[%emt 0:00:49]} Rc2 {[%emt 0:00:39]} 53. Qe1 {[%emt 0:00:32]} Rc1 {[%emt 0:00:38]} 54. Rd1 {[%emt 0:00:34]} e2+ {[%emt 0:00:05]} 55. Kh1 {[%emt 0:00:26]} Qc6+ {[%emt 0:00:27]} 0-1

[Event "Cebanenco Memorial 2019"]
[Site "Chisinau"]
[Date "2019.05.10"]
[Round "4.3"]
[White "Schitco, Ivan"]
[Black "Hamitevici, Vladimir"]
[Result "1/2-1/2"]
[WhiteElo "2437"]
[BlackElo "2476"]
[Annotator "ChessBase"]
[PlyCount "80"]
[EventDate "2019.05.07"]
[EventCountry "MDA"]
[SourceTitle "playchess.com"]
[Source "ChessBase"]
[SourceQuality "1"]
[TimeControl "5400+30"]

1. d4 {[%emt 0:00:00]} Nf6 {[%emt 0:08:14]} 2. c4 {[%emt 0:00:00]} e6 {[%emt 0:00:15]} 3. g3 {[%emt 0:00:05]} c5 {[%emt 0:04:06]} 4. Nf3 {[%emt 0:00:19]} cxd4 {[%emt 0:00:53]} 5. Nxd4 {[%emt 0:00:10]} Bb4+ {[%emt 0:01:49]} 6. Nc3 {[%emt 0:02:03]} O-O {[%emt 0:00:31]} 7. Bg2 {[%emt 0:02:01]} d5 {[%emt 0:00:10]} 8. cxd5 {[%emt 0:15:57]} Nxd5 {[%emt 0:02:44]} 9. Bd2 {[%emt 0:00:39]} Nxc3 {[%emt 0:00:39]} 10. bxc3 {[%emt 0:00:47]} Be7 {[%emt 0:01:00]} 11. O-O {[%emt 0:08:23]} Nd7 {[%emt 0:04:08]} 12. Rb1 {[%emt 0:02:57]} Nb6 {[%emt 0:04:05]} 13. a4 {[%emt 0:04:50]} e5 {[%emt 0:00:34]} 14. a5 {[%emt 0:03:24]} exd4 {[%emt 0:00:26]} 15. axb6 {[%emt 0:00:12]} axb6 {[%emt 0:04:05]} 16. cxd4 {[%emt 0:02:02]} Qxd4 {[%emt 0:00:08]} 17. Bb4 {[%emt 0:03:15]} Qxd1 {[%emt 0:05:00]} 18. Rfxd1 {[%emt 0:00:16]} Bc5 {[%emt 0:00:04]} 19. Rdc1 {[%emt 0:02:01]} Re8 {[%emt 0:03:13]} 20. Bxc5 {[%emt 0:02:10]} bxc5 {[%emt 0:00:09]} 21. e3 {[%emt 0:00:08]} Ra5 {[%emt 0:01:28]} 22. Bxb7 {[%emt 0:02:08]} Be6 {[%emt 0:00:54]} 23. Bc6 {[%emt 0:06:37]} Rc8 {[%emt 0:02:16]} 24. Rb5 {[%emt 0:01:19]} Rxb5 {[%emt 0:01:38]} 25. Bxb5 {[%emt 0:00:09]} c4 {[%emt 0:00:06]} 26. e4 {[%emt 0:03:50]} Rc5 {[%emt 0:06:31]} 27. Ba4 {[%emt 0:00:23]} f5 {[%emt 0:00:34]} 28. Bc2 {[%emt 0:01:12]} fxe4 {[%emt 0:01:59]} 29. Bxe4 {[%emt 0:00:08]} g5 {[%emt 0:00:16]} 30. f3 {[%emt 0:01:39]} h5 {[%emt 0:02:36]} 31. Kf2 {[%emt 0:02:52]} Kg7 {[%emt 0:00:08]} 32. Ke3 {[%emt 0:00:43]} Kf6 {[%emt 0:00:07]} 33. Rb1 {[%emt 0:03:49]} h4 {[%emt 0:04:21]} 34. gxh4 {[%emt 0:04:53]} gxh4 {[%emt 0:00:09]} 35. Kd4 {[%emt 0:00:47]} Rc8 {[%emt 0:00:52]} 36. Rb6 {[%emt 0:01:25]} Rd8+ {[%emt 0:00:08]} 37. Ke3 {[%emt 0:00:51]} Ke7 {[%emt 0:01:21]} 38. Rb5 {[%emt 0:03:33]} Rd1 {[%emt 0:01:13]} 39. f4 {[%emt 0:01:54]} Bf7 {[%emt 0:07:08]} 40. Bf5 {[%emt 0:00:00]} Be6 {[%emt 0:00:00]} 1/2-1/2